The impact of the Civil Procedure Rules on surveyors (Record no. 106784)

MARC details
000 -LEADER
fixed length control field 01681cam a22003375a 4500
001 - CONTROL NUMBER
control field L137440
008 - FIXED-LENGTH DATA ELEMENTS--GENERAL INFORMATION
fixed length control field 070405s2007 xxk f 000 0 eng d
020 ## - INTERNATIONAL STANDARD BOOK NUMBER
International Standard Book Number 9781904388647
035 ## - SYSTEM CONTROL NUMBER
System control number (Sirsi) u137440
041 0# - LANGUAGE CODE
Language code of text/sound track or separate title eng
050 04 - LIBRARY OF CONGRESS CALL NUMBER
Classification number 347.4107 $2 18
100 1# - MAIN ENTRY--PERSONAL NAME
Personal name Webber, Lesley
245 04 - TITLE STATEMENT
Title The impact of the Civil Procedure Rules on surveyors
Remainder of title a CPD study pack
250 ## - EDITION STATEMENT
Edition statement 4th ed.
260 ## - PUBLICATION, DISTRIBUTION, ETC.
Place of publication, distribution, etc. Reading
Name of publisher, distributor, etc. College of Estate Management
Date of publication, distribution, etc. 2007
300 ## - PHYSICAL DESCRIPTION
Extent 65p.
Dimensions 30cm.
350 ## - PRICE (NR) (BK AM CF MU VM SE) [OBSOLETE]
Price 53.50
490 #0 - SERIES STATEMENT
Series statement College of Estate Management CPD Study Pack
520 ## - SUMMARY, ETC.
Summary, etc. The fourth edition of this CPD study pack considers the key concepts and features of the Civil Procedure Rules (CPR). Aspects of note to surveyors concern expert evidence, pre-action protocols, offers of settlements and costs. Discusses how CPR affects the lease renewal procedure, their impact on other forms of dispute resolution, and how they interact with the Human Rights Act 1998. Appendices include the Civil Justice Council's "Protocol for the instruction of experts to give evidence in civil claims". Case law and bibliography.
520 ## - SUMMARY, ETC.
Summary, etc. Supersedes third edition (ISBN 1904388272). Please note that the tape accompanying the third edition has been withdrawn from the fourth edition.
590 ## - LOCAL NOTE (RLIN)
Local note KA
650 24 - SUBJECT ADDED ENTRY--TOPICAL TERM
Topical term or geographic name entry element CIVIL PROCEDURE RULES 1998
650 24 - SUBJECT ADDED ENTRY--TOPICAL TERM
Topical term or geographic name entry element CIVIL PROCEDURE RULES PART 35
650 24 - SUBJECT ADDED ENTRY--TOPICAL TERM
Topical term or geographic name entry element HUMAN RIGHTS ACT 1998
651 #4 - SUBJECT ADDED ENTRY--GEOGRAPHIC NAME
Geographic name England and Wales
Chronological subdivision 1543-
690 ## - LOCAL SUBJECT ADDED ENTRY--TOPICAL TERM (OCLC, RLIN)
Topical term or geographic name as entry element MANAGEMENT-DISPUTE AVOIDANCE, MANAGEMENT AND RESOLUTION-DISPUTE MANAGEMENT AND RESOLUTION
700 1# - ADDED ENTRY--PERSONAL NAME
Personal name Chesser, Andrew
710 1# - ADDED ENTRY--CORPORATE NAME
Corporate name or jurisdiction name as entry element College of Estate Management
9 (RLIN) 400
942 ## - ADDED ENTRY ELEMENTS (KOHA)
Suppress in OPAC 0
Holdings
Withdrawn status Lost status Source of classification or shelving scheme Damaged status Not for loan Home library Current library Shelving location Date acquired Cost, normal purchase price Total Checkouts Full call number Barcode Date last seen Date last checked out Copy number Cost, replacement price Price effective from Koha item type
    Dewey Decimal Classification     London London Enquiry desk 24/04/2007 45.47 3 BASEMENT 6 30072328 06/08/2019 09/07/2007 3 45.47 06/08/2019 Audio
    Dewey Decimal Classification     London London Enquiry desk 24/04/2007 45.47 8 BASEMENT 6 30072327 06/08/2019 08/01/2008 4 45.47 06/08/2019 Audio
    Dewey Decimal Classification     London London Enquiry desk 24/04/2007 45.47 16 BASEMENT 6 30072326 06/08/2019 24/11/2009 5 45.47 06/08/2019 Audio